[Event "HUN-ch U20"]
[Site "?"]
[Date "1999.04.04"]
[Round "9"]
[White "Bognar Csaba"]
[Black "Kovacs Zsolt"]
[Result "1/2-1/2"]
[WhiteElo "2216"]
[BlackElo "2110"]
[PlyCount "34"]
[EventDate "1999.??.??"]
[Source "www.chesslib.no"]
[SourceDate "2004.05.04"]

1. d4 Nf6 2. c4 g6 3. Nc3 d5 4. Bf4 Bg7 5. e3 O-O 6. Rc1 c5 7. dxc5 Qa5 8. cxd5 Ne4 9. Qc2 Bf5 10. Bd3 Nxc3 11. bxc3 Bxd3 12. Qxd3 Na6 13. Qc2 Nxc5 14. Ne2 Rad8 15. e4 e6 16. O-O exd5 17. e5 Rde8 1/2-1/2

[Event "Hessenliga 0102"]
[Site "?"]
[Date "2002.04.21"]
[Round "9.8"]
[White "Feldtmann Thomas"]
[Black "Huss Rolf"]
[Result "0-1"]
[WhiteElo "2140"]
[BlackElo "2184"]
[PlyCount "94"]
[EventDate "2002.??.??"]
[Source "www.chesslib.no"]
[SourceDate "2004.05.04"]

1. d4 Nf6 2. c4 g6 3. Nc3 d5 4. Bf4 Bg7 5. e3 O-O 6. Rc1 c5 7. dxc5 Qa5 8. cxd5 Ne4 9. Nge2 Na6 10. a3 Naxc5 11. f3 Nxc3 12. Nxc3 Na4 13. Qb3 Bd7 14. e4 e6 15. Bd2 Rac8 16. dxe6 fxe6 17. Be2 Bd4 18. Bd1 Nc5 19. Qc4 Be5 20. b4 Qa6 21. Qxa6 Nxa6 22. O-O Rc7 23. Bb3 Rfc8 24. Na4 b5 25. Nc5 Nxc5 26. bxc5 Bb2 27. Rcd1 Bxa3 28. Ba5 Bxc5+ 29. Kh1 Kf8 30. Bxc7 Rxc7 31. Rc1 Bb6 32. Rxc7 Bxc7 33. Rc1 Bb6 34. g3 Ke7 35. Kg2 a5 36. Rb1 Bd4 37. Kf1 b4 38. Ke2 Bb5+ 39. Kd2 a4 40. Bc2 Bc3+ 41. Ke3 Kd6 42. Rd1+ Kc5 43. Rd3 Bxd3 44. Kxd3 Kb5 45. f4 Bb2 46. g4 b3 47. Bd1 Kb4 0-1

[Event "Spring op"]
[Site "Budapest"]
[Date "1996.??.??"]
[Round "6"]
[White "Deak, Ferenc"]
[Black "Molnar, Laszlo"]
[Result "1/2-1/2"]
[WhiteElo "2060"]
[BlackElo "2250"]
[PlyCount "59"]
[EventDate "1996.??.??"]
[Source "ChessBase"]

1. d4 Nf6 2. c4 g6 3. Nc3 d5 4. Bf4 Bg7 5. Rc1 O-O 6. e3 c5 7. dxc5 dxc4 8. Qxd8 Rxd8 9. Bxc4 Nc6 10. Nf3 Bd7 11. O-O Rac8 12. a3 a5 13. Rfd1 Nh5 14. Ng5 Be8 15. Rxd8 Rxd8 16. Bc7 Rd7 17. Bb6 Ne5 18. Bb5 Nc6 19. Nf3 Nf6 20. Bxc6 bxc6 21. Bxa5 Nd5 22. Nd4 Nf4 23. Rd1 e5 24. exf4 exd4 25. Ne4 Rd5 26. f3 Bd7 27. Bd8 Rf5 28. Ng3 Rxc5 29. Ne4 Rf5 30. g3 1/2-1/2

[Event "Hessenliga 0203"]
[Site "?"]
[Date "2003.02.02"]
[Round "6.8"]
[White "Feldtmann Thomas"]
[Black "Lampersberger Erhard"]
[Result "1-0"]
[WhiteElo "2182"]
[BlackElo "2122"]
[PlyCount "67"]
[EventDate "2003.??.??"]
[Source "www.chesslib.no"]
[SourceDate "2004.05.04"]

1. d4 Nf6 2. c4 g6 3. Nc3 d5 4. Bf4 Bg7 5. e3 O-O 6. Rc1 c6 7. h3 Qa5 8. Nf3 Nbd7 9. Qd2 dxc4 10. Bxc4 b5 11. Bb3 Ba6 12. Ne4 Qxd2+ 13. Nfxd2 Nxe4 14. Nxe4 e5 15. dxe5 Nxe5 16. Nc5 Bc8 17. O-O a5 18. Rfd1 a4 19. Bc2 Nc4 20. b3 axb3 21. axb3 Na3 22. Be4 Bb2 23. Bh6 Bxc1 24. Bxf8 Kxf8 25. Rxc1 Ra7 26. Bxc6 Rc7 27. Bd5 Ke7 28. b4 Be6 29. Bxe6 fxe6 30. Kf1 Nc4 31. Ra1 h6 32. Ra8 Nd6 33. Rg8 g5 34. Rg6 1-0

[Event "AUT-chT2S 9697"]
[Site "Austria"]
[Date "1996.??.??"]
[Round "11"]
[White "Janisch, Robert"]
[Black "Klocker, Hartmut"]
[Result "0-1"]
[WhiteElo "2100"]
[BlackElo "2195"]
[PlyCount "50"]
[EventDate "1996.??.??"]
[Source "www.chesslib.no"]
[SourceDate "2004.05.04"]

1. d4 Nf6 2. c4 g6 3. Nc3 d5 4. Bf4 Bg7 5. Rc1 O-O 6. e3 c5 7. dxc5 Be6 8. Qa4 Nbd7 9. Nb5 dxc4 10. Nc7 Nxc5 11. Qb4 Na6 12. Nxa6 bxa6 13. Bxc4 Nd5 14. Bxd5 Qxd5 15. Nf3 a5 16. Qc5 Bxb2 17. Qxd5 Bxd5 18. Rc7 Rfc8 19. O-O Rxc7 20. Bxc7 a4 21. a3 Rc8 22. Ba5 Bxa3 23. Ra1 Rc1+ 24. Rxc1 Bxc1 25. Nd4 Bb2 0-1

[Event "HUN-chT 9798"]
[Site "Hungary"]
[Date "1997.??.??"]
[Round "?"]
[White "Hera, Imre Jr"]
[Black "Szakall, Tamas"]
[Result "1/2-1/2"]
[WhiteElo "2115"]
[BlackElo "2125"]
[PlyCount "40"]
[EventDate "1997.??.??"]
[Source "www.chesslib.no"]
[SourceDate "2004.05.04"]

1. d4 Nf6 2. c4 g6 3. Nc3 d5 4. Bf4 Bg7 5. e3 O-O 6. Rc1 c5 7. dxc5 Qa5 8. cxd5 Rd8 9. Bc4 Na6 10. Nge2 Nxc5 11. O-O Be6 12. f3 b5 13. Nxb5 Nxd5 14. Qe1 Qxe1 15. Rfxe1 Nb4 16. Nc7 Nbd3 17. Bxe6 Nxe1 18. Rxe1 fxe6 19. Nxa8 Rxa8 20. Nc3 Nd3 1/2-1/2

[Event "Le Touquet"]
[Site "?"]
[Date "2002.10.30"]
[Round "5"]
[White "Friess Nicolas"]
[Black "Gorshkova Irina"]
[Result "1/2-1/2"]
[WhiteElo "2046"]
[BlackElo "2190"]
[PlyCount "70"]
[EventDate "2002.??.??"]
[Source "www.chesslib.no"]
[SourceDate "2004.05.04"]

1. d4 Nf6 2. c4 g6 3. Nc3 d5 4. Bf4 Bg7 5. Rc1 O-O 6. e3 c5 7. dxc5 Qa5 8. cxd5 Ne4 9. Bd3 Nxc3 10. bxc3 Bxc3+ 11. Kf1 Na6 12. Ne2 Bf6 13. Bxa6 Qxa6 14. Qd2 Bf5 15. f3 Bd3 16. Kf2 Rac8 17. e4 Bxe2 18. Qxe2 Bd4+ 19. Be3 Bxe3+ 20. Kxe3 Qa3+ 21. Qd3 Qxa2 22. Rc2 Qa5 23. Rhc1 Rfd8 24. Qb3 Qc7 25. g3 h5 26. Qa4 a5 27. Qb5 f5 28. Qb6 Qxb6 29. cxb6 Rxc2 30. Rxc2 Rd6 31. Rc6 a4 32. h4 fxe4 33. fxe4 a3 34. Rc3 Rxb6 35. Rxa3 Kg7 1/2-1/2

[Event "10th TCh-Euro sen"]
[Site "Dresden GER"]
[Date "2008.02.19"]
[Round "9"]
[White "Aaltio, E."]
[Black "Potthammel, J."]
[Result "1-0"]
[WhiteElo "2111"]
[BlackElo "2075"]
[PlyCount "94"]
[EventDate "2008.02.11"]
[Source "www.chesslib.no"]
[SourceDate "2004.05.04"]

1. d4 Nf6 2. c4 g6 3. Nc3 d5 4. Bf4 Bg7 5. e3 O-O 6. Rc1 c5 7. dxc5 dxc4 8. Bxc4 Qa5 9. Nge2 Nc6 10. O-O e5 11. Bg5 Qxc5 12. Ne4 Qe7 13. N2c3 Be6 14. Bd5 h6 15. Nxf6+ Bxf6 16. Bxh6 Bg7 17. Bxg7 Kxg7 18. Qf3 Rh8 19. Bxe6 Qxe6 20. Rfd1 Rad8 21. h3 Rhe8 22. Rxd8 Rxd8 23. Rd1 Rxd1+ 24. Qxd1 Ne7 25. Qd3 Qb6 26. b3 Qb4 27. g3 Qa3 28. Kg2 Qb2 29. Qc4 Nc6 30. Ne4 Qa3 31. Ng5 Qe7 32. h4 a6 33. a3 Nd8 34. b4 b5 35. Qd3 Ne6 36. Ne4 Qb7 37. f3 Qc6 38. Qc3 Qd5 39. g4 f5 40. gxf5 gxf5 41. Ng3 Kf6 42. Qc2 Ng7 43. e4 Qd7 44. exf5 Kf7 45. Qe4 Qd2+ 46. Kh3 Qf4 47. Qb7+ Kf8 1-0

[Event "Bethune-A"]
[Site "?"]
[Date "2001.??.??"]
[Round "?"]
[White "Naudin Yvan"]
[Black "Bry Stephane"]
[Result "1-0"]
[WhiteElo "2120"]
[BlackElo "2000"]
[PlyCount "43"]
[EventDate "2001.??.??"]
[Source "www.chesslib.no"]
[SourceDate "2004.05.04"]

1. d4 Nf6 2. c4 g6 3. Nc3 d5 4. Bf4 Bg7 5. e3 O-O 6. Rc1 c5 7. cxd5 Qa5 8. dxc5 Rd8 9. Bc4 Qxc5 10. Qb3 a6 11. Nge2 Bf5 12. Qxb7 Ra7 13. Qb3 Nbd7 14. e4 Ng4 15. O-O Nb6 16. Bd3 Bd7 17. h3 Ne5 18. Be3 Qc8 19. Na4 Qb8 20. Nxb6 Nxd3 21. Qxd3 Bb5 22. Nc4 1-0

[Event "Houston SouthWest op-65"]
[Site "Houston"]
[Date "1999.09.04"]
[Round "2"]
[White "Yeung, Clarence"]
[Black "McCue, Mark E"]
[Result "1-0"]
[WhiteElo "2200"]
[BlackElo "1872"]
[PlyCount "35"]
[EventDate "1999.09.04"]
[Source "www.chesslib.no"]
[SourceDate "2004.05.04"]

1. d4 Nf6 2. c4 g6 3. Nc3 d5 4. Bf4 Bg7 5. Rc1 O-O 6. e3 c5 7. dxc5 Qa5 8. cxd5 Ne4 9. Nge2 Rd8 10. a3 Bf5 11. Qa4 Qxa4 12. Nxa4 Rxd5 13. f3 Nd2 14. e4 Nxe4 15. fxe4 Bxe4 16. Nac3 Rxc5 17. Nxe4 Rxc1+ 18. Bxc1 1-0

[Event "Dreifluesse op 7th"]
[Site "Passau"]
[Date "1999.04.04"]
[Round "5"]
[White "Germann, Heike"]
[Black "Loderbauer, Gerhard"]
[Result "1/2-1/2"]
[WhiteElo "2050"]
[BlackElo "1820"]
[PlyCount "34"]
[EventDate "1999.04.02"]
[Source "www.chesslib.no"]
[SourceDate "2004.05.04"]

1. d4 Nf6 2. c4 g6 3. Nc3 d5 4. Bf4 Bg7 5. e3 O-O 6. Rc1 c5 7. dxc5 dxc4 8. Bxc4 Qa5 9. Qa4 Qxa4 10. Nxa4 Na6 11. Bxa6 bxa6 12. Ne2 a5 13. O-O Nd5 14. Bg3 Ba6 15. Rfd1 Nxe3 16. fxe3 Bxe2 17. Rd2 Bb5 1/2-1/2

[Event "Kalamazoo, MI"]
[Site "?"]
[Date "2002.10.20"]
[Round "4.1"]
[White "Armstead Curt"]
[Black "Kahn Aaron"]
[Result "1/2-1/2"]
[WhiteElo "1866"]
[BlackElo "1858"]
[PlyCount "22"]
[EventDate "2002.??.??"]
[Source "www.chesslib.no"]
[SourceDate "2004.05.04"]

1. d4 Nf6 2. c4 g6 3. Nc3 d5 4. Bf4 Bg7 5. e3 O-O 6. Rc1 Be6 7. cxd5 Nxd5 8. Nxd5 Qxd5 9. a3 c6 10. Nf3 Nd7 11. Bc4 Qa5+ 1/2-1/2

[Event "Schloss Schney (06.06.-14.06)"]
[Site "?"]
[Date "2004.06.12"]
[Round "7.14"]
[White "Rychlik Kurt"]
[Black "Leuschner Guenter"]
[Result "1/2-1/2"]
[WhiteElo "1900"]
[BlackElo "1820"]
[PlyCount "120"]
[EventDate "2004.??.??"]
[Source "www.chesslib.no"]
[SourceDate "2004.05.04"]

1. d4 Nf6 2. c4 g6 3. Nc3 d5 4. Bf4 Bg7 5. e3 O-O 6. Rc1 c6 7. h3 Be6 8. c5 b6 9. b4 a5 10. b5 bxc5 11. dxc5 cxb5 12. Bxb5 Bd7 13. a4 Bc6 14. Nf3 Nfd7 15. Nxd5 e5 16. Bg3 Re8 17. O-O Bf8 18. Nb6 Nxb6 19. cxb6 Qxb6 20. Nxe5 Bxb5 21. Qb3 Ra7 22. Qxb5 Qxb5 23. axb5 Rb7 24. Rb1 Rc8 25. Rfd1 a4 26. Nf3 Nd7 27. Bd6 Bxd6 28. Rxd6 Rc3 29. Nd4 Ne5 30. Ra1 a3 31. Ra6 Nc4 32. g4 Kf8 33. Kg2 Rd3 34. Ra2 Ke7 35. Nc6+ Kf8 36. Ra8+ Kg7 37. Na5 Nxa5 38. Rxa5 Rb3 39. R2xa3 Rxa3 40. Rxa3 Rxb5 41. h4 h6 42. Kg3 h5 43. gxh5 Rxh5 44. f4 Rb5 45. e4 Rc5 46. e5 Rc6 47. Kg4 Kh6 48. Ra7 f5+ 49. exf6 Rxf6 50. Ra5 Rb6 51. h5 Rc6 52. hxg6 Kxg6 53. Rg5+ Kh6 54. Rh5+ Kg7 55. Re5 Kg6 56. f5+ Kf6 57. Re4 Ra6 58. Kf4 Rb6 59. Rc4 Ra6 60. Ke4 Rd6 1/2-1/2

[Event "Essen (24.03.-09.04)"]
[Site "?"]
[Date "2003.03.25"]
[Round "2"]
[White "Kuehler Wolfgang"]
[Black "Leimkuehler Heinz-Guido"]
[Result "1/2-1/2"]
[WhiteElo "2006"]
[BlackElo "1621"]
[PlyCount "54"]
[EventDate "2003.??.??"]
[Source "www.chesslib.no"]
[SourceDate "2004.05.04"]

1. d4 Nf6 2. c4 g6 3. Nc3 d5 4. Bf4 Bg7 5. e3 O-O 6. Rc1 dxc4 7. Bxc4 b6 8. Nf3 Bb7 9. O-O c6 10. Qe2 e6 11. h3 Nbd7 12. Rfd1 Qe7 13. Bg5 h6 14. Bh4 Rfc8 15. e4 Qe8 16. e5 Nd5 17. Ne4 Bf8 18. Qd2 c5 19. Bb5 cxd4 20. Nd6 Bxd6 21. exd6 a6 22. Bxd7 Qxd7 23. Qxh6 Rxc1 24. Qxc1 Qxd6 25. Bg3 Qf8 26. Rxd4 Rc8 27. Qd2 Qc5 1/2-1/2